| 000 | 00425cam a2200181ua 4500 | ||
|---|---|---|---|
| 020 | _c1.00 | ||
| 041 |
_ahin _h |
||
| 082 |
_a891.43 _bMER/VI |
||
| 100 | _aMerry, Stops . | ||
| 245 |
_aVivah aur prem / _cMerry stops. _hTextual Documents |
||
| 250 |
_a2 / _b. |
||
| 260 |
_aDelhi : _bRajkamal Prakashan , _c1962. |
||
| 300 | _a144 ; . | ||
| 365 | _a1.00 | ||
| 504 | _a | ||
| 999 |
_c12683 _d12683 |
||